00486nam a2200109 a 4500082001200000100005200012245005700064260014200121300001900263650002400282856007000306 a600 GOV1 aGovindarajulu, V. ; Bhushan, B. India Republic.10aIndian technologies developed by csir laboratories / a[S.l.] :bPublications & Information Directorate for Technology Utilization Division, Council of Scientific & Industrial Research,c1975. a1 v. (unpaged) aindian technologies40uhttp://www.amazon.com/exec/obidos/ASIN/B007Q586QM/chopaconline-20